000 00228 a2200097 4500
001 30392
100 _aMAN, Burns Mantle
245 _aThe best plays of 1945-1946
260 _aNewyork
_bdodd Mead & Co
_c
090 _c20344
_d20344
942 _aNUST-CAE
_cM
_c11497
999 _c265465
_d265465